Die 65 größten Städte in Albanien - Statistiken

Allgemein
  • Dieses Quiz wurde 58 mal gespielt
  • Das Durchschnittsergebnis liegt bei 17 aus 65
Antwortstatistiken
Hilfe Stadt 👥 % Korrekt
T6 Tirana 625 000
100%
D6 Durrës 208 000
91%
V5 Vlora 124 000
82%
S7 Shkodra 113 000
80%
E7 Elbasan 126 000
77%
K5 Kukës 48 000
75%
S7 Saranda 38 000
75%
B5 Berat 64 000
70%
F4 Fier 82 000
59%
K5 Korça 86 000
59%
L5 Lezha 27 000
57%
G11 Gjirokastra 29 000
45%
F5-K5 Fushë-Kruja 25 000
41%
K5 Kruja 16 000
41%
P8 Pogradec 42 000
41%
K6 Kavaja 36 0000
36%
L7 Lushnja 55 000
36%
H6 Himara 8 000
34%
L3 Laç 30 000
34%
P9 Peshkopia 19 000
34%
B6 Burrel 18 000
32%
B6 C4 Bajram Curr 21 000
30%
K5 Kamza 86 000
30%
V4 Vora 26 000
27%
58 Tepelena 9 000
25%
K6 Kuçova 30 000
20%
P4 Puka 6 000
20%
S6 Shijak 13 000
20%
K5 Kruma 7 000
18%
G6 Gramsh 15 000
16%
L8 Librazhd 16 000
16%
P5 Patos 23 000
16%
P7 Poliçan 11 000
16%
B7 Bulqiza 13 000
14%
M5 Maliq 42 000
14%
P5 Peqin 9 000
14%
P6 Përmet 11 000
14%
R10 Rrogozhina 22 000
14%
S5 Sukth 26 000
14%
B5 Belsh 14 000
11%
C6 Cërrik 15 000
11%
C8 Çorovoda 12 000
11%
K8 Konispol 3 000
11%
B6 Ballsh 25 000
9%
D7 Divjaka 7 000
9%
K6 Koplik 11 000
9%
P9 Përrenjas 8 000
9%
K7 Këlcyra 5 000
7%
U3 V9 Ura Vajgurore 27 000
7%
S7 Delvina 8 000
5%
E6 Erseka 11 000
5%
F5-A5 Fushë-Arrëz 5 000
5%
K4 Klos 11 000
5%
L8 Leskovik 2 000
5%
O6 Orikum 12 000
5%
R8 Roskovec 22 000
5%
R7 Rrëshen 15 000
5%
S8 Selenica 16 000
5%
L8 Libohova 4 000
2%
M7 Mamurra 22 000
2%
M8 Memaliaj 8 000
2%
R5 Rubik 8 000
2%
V3-D4 Vau-Deja 12 000
2%
B7 Bilisht 27 000
0%
M5 Manza 11 000
0%
Keine übereinstimmenden Quizze gefunden
Verteilung der Resultate
Anzahl Personen mit jedem Resultat
Perzentil nach korrekt beantworteten Fragen
Ihre Resultats-Entwicklung
Sie haben dieses Quiz noch nicht gespielt